| 000 | 00653nam a2200193 4500 | ||
|---|---|---|---|
| 005 | 20250327110806.0 | ||
| 010 | _aENG-144302 | ||
| 020 |
_a9788193136232 _c400.00 |
||
| 035 | _aEN-127834 | ||
| 037 | _bDBAD | ||
| 082 |
_a618.3 _21 |
||
| 100 |
_aNikumbh, Subhash K. _979966 |
||
| 245 |
_aCommon Geriatric Problems in Women/ _cBy Subhash K. Nikumbh [and] Smruti Mandar Nikumbh |
||
| 260 |
_aKarnataka _bSukarmayogi Publishers _c2016 |
||
| 270 |
_aRukmini Hospital, Maddi galli, Sankeshwar, Belgaum _bKarnataka _e591313 |
||
| 300 |
_a94p _c28cm(pb) |
||
| 700 |
_aNikumbh, Smruti Mandar _979964 _eAuthor |
||
| 942 |
_2ddc _cEN _h618.3 _mNIK |
||
| 999 |
_c210537 _d210537 |
||